Chronicles of interesting times : (Record no. 276936)
[ view plain ]
| 000 -LEADER | |
|---|---|
| fixed length control field | 00674nam a2200181 a 4500 |
| 001 - CONTROL NUMBER | |
| control field | FIB031164 |
| 005 - DATE AND TIME OF LATEST TRANSACTION | |
| control field | 20141211144630.0 |
| 008 - FIXED-LENGTH DATA ELEMENTS--GENERAL INFORMATION | |
| fixed length control field | |
| 020 ## - INTERNATIONAL STANDARD BOOK NUMBER | |
| International Standard Book Number | 9712715744 |
| 050 ## - LIBRARY OF CONGRESS CALL NUMBER | |
| Classification number | PL 5539.B14 |
| Item number | .B769 2005 |
| 100 ## - MAIN ENTRY--PERSONAL NAME | |
| Personal name | Brillantes, Gregorio C. |
| 245 10 - TITLE STATEMENT | |
| Title | Chronicles of interesting times : |
| Remainder of title | essays, discourses, gems of wisdom, some laughs and other non-biodegradable articles / |
| Statement of responsibility, etc | Gregorio C. Brillantes. |
| 260 ## - PUBLICATION, DISTRIBUTION, ETC. (IMPRINT) | |
| Place of publication, distribution, etc | Pasig City : |
| Date of publication, distribution, etc | c2005. |
| Name of publisher, distributor, etc | Anvil Publication, Inc., |
| 300 ## - PHYSICAL DESCRIPTION | |
| Extent | xiii, 234 pages : |
| Dimensions | 23 cm. |
| 650 ## - SUBJECT ADDED ENTRY--TOPICAL TERM | |
| Topical term or geographic name as entry element | Philippine essays(English) |
| 650 ## - SUBJECT ADDED ENTRY--TOPICAL TERM | |
| Topical term or geographic name as entry element | Essays |
| General subdivision | Collected works |
| -- | History and criticism. |
| 942 ## - ADDED ENTRY ELEMENTS (KOHA) | |
| Source of classification or shelving scheme | Library of Congress Classification |
| Koha item type | Books |
| Call number prefix | Filipininana |
| Withdrawn status | Lost status | Source of classification or shelving scheme | Damaged status | Home library | Current library | Shelving location | Date acquired | Source of acquisition | Total Checkouts | Full call number | Barcode | Date last seen | Price effective from | Koha item type |
|---|---|---|---|---|---|---|---|---|---|---|---|---|---|---|
| Library of Congress Classification | College Library | College Library | Filipiniana Section | 12/11/2014 | Library Fund | PL 5539.B14 .B769 2005 | C19044 | 05/08/2018 | 12/11/2014 | Books |